| 000 | 00379nam a2200145 a 4500 | ||
|---|---|---|---|
| 005 | 20140414093836.0 | ||
| 008 | 030611s19uu xx 00 eng d | ||
| 050 |
_aCDR 808.51 _bSTU 2000 |
||
| 245 |
_aStudent speeches : _bthe art of public speaking. |
||
| 260 |
_bMcGraw-Hill, _cc2000. |
||
| 650 | _aSpeeches. | ||
| 650 | _aPublic speaking. | ||
| 942 | _cAVM | ||
| 999 |
_c109023 _d109023 |
||